Từ chiến trường Khu Năm : Bút ký và ghi chép văn học

Gardado en:
Detalles Bibliográficos
Autor Principal: Phan, Tứ
Formato: Libro
Idioma:Undetermined
Publicado: Hà Nội Văn học 2011
Những chủ đề:
Các nhãn: Engadir etiqueta
Sen Etiquetas, Sexa o primeiro en etiquetar este rexistro!
Thư viện lưu trữ: Trung tâm Học liệu Trường Đại học Cần Thơ
LEADER 00570nam a2200193Ia 4500
001 CTU_189439
008 210402s9999 xx 000 0 und d
082 |a 895.92284 
082 |b T550/T.1 
100 |a Phan, Tứ 
245 0 |a Từ chiến trường Khu Năm : 
245 0 |b Bút ký và ghi chép văn học 
245 0 |c Phan Tứ 
260 |a Hà Nội 
260 |b Văn học 
260 |c 2011 
650 |a Vietnamese literature,Văn học Việt Nam 
904 |i Trúc 
980 |a Trung tâm Học liệu Trường Đại học Cần Thơ